Les mots de la langue française se terminant par "cin" - Statistiques

Statistiques générales
  • Ce quiz a été pris 285 fois
  • Le résultat moyen est 6 sur 14
Statistiques - réponses
Indice Mot % Correct
docteur médecin
96%
relatif au cochon porcin
89%
instrument de musique clavecin
87%
vol larcin
83%
huile ricin
77%
B.C.G vaccin
70%
moine, singe capucin
60%
vieil instrument de musique buccin
14%
ambre jaune succin
4%
débris de verre calcin
2%
relatif au bouc hircin
2%
pommier sauvage doucin
1%
maladie de bovidé farcin
1%
cheval roncin
1%
Aucun quiz correspondant
Distribution des résultats
% des personnes avec chaque résultat
Percentile par nombre de réponses
Votre historique - résultats
Vous n’avez pas pris ce quiz